[Event "27th Kavala Open 2018"]
[Site "Kavala"]
[Date "2018.08.09"]
[Round "7"]
[White "Alexakis, Georgios"]
[Black "Pezelj, Novak"]
[Result "1-0"]
[WhiteElo "2056"]
[BlackElo "2483"]
[Annotator "ChessBase"]
[PlyCount "69"]
[EventDate "2018.08.05"]
[EventType "swiss"]
[EventCountry "GRE"]
[SourceTitle "playchess.com"]
[Source "ChessBase"]
[SourceQuality "1"]
[TimeControl "40/5400+30:900+30"]

1. e4 {[%emt 0:04:37]} Nf6 {[%emt 0:00:12]} 2. e5 {[%emt 0:00:28]} Nd5 {[%emt 0:00:15]} 3. d4 {[%emt 0:00:39]} d6 {[%emt 0:00:22]} 4. c4 {[%emt 0:00:40]} Nb6 {[%emt 0:00:12]} 5. f4 {[%emt 0:00:55]} dxe5 {[%emt 0:04:02]} 6. fxe5 {[%emt 0:00:22]} Bf5 {[%emt 0:01:51]} 7. Nc3 {[%emt 0:03:22]} e6 {[%emt 0:00:22]} 8. Be3 {[%emt 0:03:34]} Be7 {[%emt 0:01:16]} 9. Be2 {[%emt 0:07:12]} O-O {[%emt 0:02:55]} 10. Nf3 {[%emt 0:00:40]} Nc6 {[%emt 0:01:25]} 11. O-O {[%emt 0:01:04]} f6 {[%emt 0:10:34]} 12. exf6 {[%emt 0:03:44]} Bxf6 {[%emt 0:00:05]} 13. Qd2 {[%emt 0:03:50]} Qe8 {[%emt 0:06:00]} 14. Bg5 {[%emt 0:06:54]} Rd8 {[%emt 0:10:12]} 15. Bxf6 {[%emt 0:00:12]} Rxf6 {[%emt 0:00:14]} 16. Qe3 {[%emt 0:05:56]} Rf8 {[%emt 0:16:25]} 17. Rad1 {[%emt 0:04:43]} Qe7 {[%emt 0:01:30]} 18. b3 {[%emt 0:02:55]} h6 {[%emt 0:08:54]} 19. Bd3 {[%emt 0:06:15]} Bxd3 {[%emt 0:00:31]} 20. Rxd3 {[%emt 0:01:05]} a6 {[%emt 0:02:45]} 21. Re1 {[%emt 0:02:58]} Rfe8 {[%emt 0:01:02]} 22. Rd2 {[%emt 0:02:54]} Qf7 {[%emt 0:02:52]} 23. Rde2 {[%emt 0:03:22]} Re7 {[%emt 0:00:17]} 24. Ne5 {[%emt 0:08:04]} Nxe5 {[%emt 0:00:42]} 25. Qxe5 {[%emt 0:00:21]} Nc8 {[%emt 0:07:02]} 26. Re3 {[%emt 0:06:35]} Red7 {[%emt 0:01:48]} 27. Rf1 {[%emt 0:03:27]} Qe7 {[%emt 0:08:22]} 28. Ne2 {[%emt 0:01:04]} Rd6 {[%emt 0:00:12]} 29. Nf4 {[%emt 0:03:40]} Rxd4 {[%emt 0:00:17]} 30. Nxe6 {[%emt 0:01:50]} Rd1 {[%emt 0:04:01]} 31. Nxd8 {[%emt 0:00:53]} Qxe5 {[%emt 0:00:04]} 32. Rxe5 {[%emt 0:00:20]} Rxd8 {[%emt 0:00:07]} 33. Rd5 {[%emt 0:00:44]} Nd6 {[%emt 0:00:21]} 34. c5 {[%emt 0:00:57]} Nf7 {[%emt 0:00:04]} 35. Rfd1 {[%emt 0:01:15]} 1-0

[Event "27th Kavala Open 2018"]
[Site "Kavala"]
[Date "2018.08.09"]
[Round "7"]
[White "Papadopoulos, Georgios"]
[Black "Isaakidis, Alexandros"]
[Result "1/2-1/2"]
[WhiteElo "1726"]
[BlackElo "2137"]
[Annotator "NA"]
[PlyCount "46"]
[EventDate "2018.08.05"]
[EventType "swiss"]
[EventCountry "GRE"]
[SourceTitle "playchess.com"]
[Source "ChessBase"]
[SourceQuality "1"]
[TimeControl "40/5400+30:900+30"]

1. d4 {[%emt 0:00:18]} Nf6 {[%emt 0:00:21]} 2. Nf3 {[%emt 0:00:14]} e6 {[%emt 0:00:18]} 3. Bf4 {[%emt 0:00:08]} d5 {[%emt 0:00:14]} 4. e3 {[%emt 0:00:07]} Bd6 {[%emt 0:00:08]} 5. Bxd6 {[%emt 0:00:12]} Qxd6 {[%emt 0:00:10]} 6. c4 {[%emt 0:00:04]} c5 {[%emt 0:01:10]} 7. cxd5 {[%emt 0:12:07]} exd5 {[%emt 0:03:20]} 8. dxc5 {[%emt 0:02:31]} Qxc5 {[%emt 0:00:21]} 9. Nc3 {[%emt 0:00:17]} O-O {[%emt 0:01:04]} 10. Be2 {[%emt 0:03:19]} Nc6 {[%emt 0:07:19]} 11. O-O {[%emt 0:01:28]} Rd8 {[%emt 0:07:28]} 12. Nb5 {[%emt 0:02:41]} Qb6 {[%emt 0:02:31]} 13. Qb3 {[%emt 0:09:27]} Bg4 {[%emt 0:13:02]} 14. h3 {[%emt 0:12:25]} Na5 {[%emt 0:12:20]} 15. Qa4 {[%emt 0:08:41]} Bxf3 {[%emt 0:04:47]} 16. Bxf3 Nc4 17. b3 {[%emt 0:00:40]} Nd2 {[%emt 0:01:55]} 18. Rfd1 {[%emt 0:00:12]} Nxf3+ {[%emt 0:00:18]} 19. gxf3 {[%emt 0:00:01]} a6 {[%emt 0:04:31]} 20. Nd4 {[%emt 0:00:34]} Nd7 {[%emt 0:03:04]} 21. Ne2 {[%emt 0:02:37]} Qg6+ {[%emt 0:09:05]} 22. Qg4 {[%emt 0:02:38]} Ne5 {[%emt 0:01:01]} 23. Qxg6 {[%emt 0:01:24]} Nxf3+ {[%emt 0:00:50]} 1/2-1/2

[Event "27th Kavala Open 2018"]
[Site "Kavala"]
[Date "2018.08.10"]
[Round "8"]
[White "Ivanov, Sergey"]
[Black "Dimitrov, Radoslav"]
[Result "1/2-1/2"]
[WhiteElo "2535"]
[BlackElo "2518"]
[Annotator "TA"]
[PlyCount "128"]
[EventDate "2018.08.05"]
[EventType "swiss"]
[EventCountry "GRE"]
[SourceTitle "playchess.com"]
[Source "ChessBase"]
[SourceQuality "1"]

{[%evp 26,128,5,1,48,62,67,49,76,48,38,19,31,30,29,31,29,17,122,135,135,64,156,0,0,0,0,0,63,76,76,12,12,8,4,3,44,8,8,-1,0,-5,0,-8,-9,-12,-16,-140,-159,-185,-118,-187,-45,-111,-72,-61,-62,-67,-8,-9,-8,-8,0,-6,0,0,0,-8,-8,-8,0,0,0,0,0,0,0,0,0,0,0,0,0,0,0,0,0,0,0,0,0,0,0,0,0,0,0,0,0,0,0,0,0,0,0]} 1. d4 Nf6 2. c4 e6 3. Nf3 Bb4+ 4. Nbd2 O-O 5. a3 Be7 6. e4 d5 7. e5 Nfd7 8. cxd5 exd5 9. b4 a5 {E11: Bogo-Indian} 10. b5 c5 11. Bd3 cxd4 12. Nb3 a4 13. Nbxd4 Nc5 14. O-O {LiveBook: 4 Games} Bg4 {[#]} 15. Bf5 $146 ({Predecessor:} 15. Bc2 Nbd7 {1-0 (38) Potkin,V (2617)-Navara,D (2672) Dagomys 2008}) 15... Bh5 16. Bxh7+ Kxh7 {[#]} 17. Ng5+ $1 {[%mdl 512]} Bxg5 18. Qxh5+ Bh6 19. Nf5 Qb6 20. Nd6 Nbd7 21. Qf5+ Kh8 (21... g6 $11 {remains equal.} 22. Qh3 Nxe5 23. Bxh6 (23. Qxh6+ Kg8 $11) 23... Kg8 24. Bxf8 Rxf8) 22. Bxh6 $16 gxh6 23. Rad1 (23. Qf4 $1 $16 {[%cal Rf4h6]} Kh7 24. Rad1) 23... Qd8 (23... Rae8 $1 $14 24. Nxe8 Rxe8) 24. Nxf7+ $2 (24. f4 $16) 24... Kg7 $11 25. e6 Qf6 26. Qg4+ Kh7 (26... Qg6 $11 27. Qd4+ Qf6 28. Qg4+ Qg6 29. Qd4+ Qf6 30. Qg4+) 27. Rxd5 $14 Nxe6 {[#]} 28. Nxh6 (28. Qe4+ $1 $16 Kg8 {[#]} 29. Nxh6+ $1 {[%mdl 512]} Qxh6 30. Qg4+ (30. Rxd7 Rae8 $16) 30... Ng7 31. Rxd7) 28... Ne5 $11 29. Qe4+ Kxh6 30. Rxe5 Ng5 31. Qe2 {[%mdl 1024] Black must now prevent f4. White has compensation.} Qf4 32. f3 Rf6 33. Kh1 {And now g3 would win.} Rc8 34. g3 $132 {[%mdl 2048] White puts up resistance} Qc4 {next ...Rxf3! is good for Black.} 35. h4 Nf7 36. Qd2+ (36. Qxc4 $1 $11 {keeps the balance.} Rxc4 37. Re3) 36... Kg7 $17 37. Ree1 Rd6 (37... Rd8 $19 38. Qc1 Qxb5) 38. Qe3 (38. Qb2+ $17 Qc3 39. Qb1) 38... Qd4 ({Better is} 38... Qxb5 $19 {...Rc2 is the strong threat.} 39. Kg2 Rd3) 39. Kg2 (39. Qxd4+ $15 Rxd4 40. Re7) 39... Rc2+ 40. Rf2 Rxf2+ 41. Qxf2 Qxf2+ (41... Qc3 $15 42. Re3 Qc1) 42. Kxf2 $15 {[%mdl 4096] Endgame KRN-KR. The position is equal.} Rd2+ 43. Ke3 Ra2 44. Kf4 Kf8 45. Re3 Nd6 46. Re6 Nxb5 {aiming for ...Nc7.} 47. Rb6 Nd4 48. Rxb7 Rxa3 49. Ra7 Ne2+ 50. Kg4 Nc3 51. Ra8+ Kf7 52. Ra7+ Ke6 53. Ra6+ Kd5 54. h5 Ra1 55. h6 Rh1 56. Kg5 Kc4 57. Kg6 Kb4 58. h7 {Hoping for Ra8.} a3 59. Kg7 a2 {[#]} 60. Rxa2 $1 {[%mdl 512]} Nxa2 61. g4 Nc3 62. f4 Nd5 63. f5 {[#]} Rxh7+ $1 64. Kxh7 Nf6+ {Precision: White = 49%, Black = 46%.} 1/2-1/2

[Event "27th Kavala Open 2018"]
[Site "Kavala"]
[Date "2018.08.10"]
[Round "8"]
[White "Theodorou, Nikolas"]
[Black "Petrov, Martin"]
[Result "1/2-1/2"]
[WhiteElo "2532"]
[BlackElo "2456"]
[Annotator "ChessBase"]
[PlyCount "94"]
[EventDate "2018.08.05"]
[EventType "swiss"]
[EventCountry "GRE"]
[SourceTitle "playchess.com"]
[Source "ChessBase"]
[SourceQuality "1"]
[TimeControl "40/5400+30:900+30"]

1. e4 {[%emt 0:00:03]} c5 {[%emt 0:04:41]} 2. Nf3 {[%emt 0:00:06]} d6 {[%emt 0:02:30]} 3. d4 {[%emt 0:00:36]} cxd4 {[%emt 0:00:08]} 4. Nxd4 {[%emt 0:00:05]} Nf6 {[%emt 0:00:07]} 5. Nc3 {[%emt 0:00:07]} a6 {[%emt 0:00:46]} 6. Bg5 {[%emt 0:00:21]} e6 {[%emt 0:05:12]} 7. f4 {[%emt 0:00:12]} h6 {[%emt 0:00:04]} 8. Bh4 {[%emt 0:00:06]} Qb6 {[%emt 0:01:02]} 9. a3 {[%emt 0:00:20]} Nbd7 {[%emt 0:01:59]} 10. Bf2 {[%emt 0:00:13]} Qc7 {[%emt 0:00:47]} 11. Qf3 {[%emt 0:00:20]} b5 {[%emt 0:09:26]} 12. O-O-O {[%emt 0:01:04]} Bb7 {[%emt 0:00:53]} 13. g4 {[%emt 0:04:38]} Nc5 {[%emt 0:09:59]} 14. Re1 {[%emt 0:15:02]} Be7 {[%emt 0:04:51]} 15. h4 {[%emt 0:37:38]} d5 {[%emt 0:01:30]} 16. e5 {[%emt 0:00:26]} Nfe4 {[%emt 0:00:30]} 17. Nxe4 {[%emt 0:04:35]} dxe4 {[%emt 0:02:09]} 18. Qe3 {[%emt 0:00:50]} b4 {[%emt 0:15:29]} 19. axb4 {[%emt 0:02:25]} Nd3+ {[%emt 0:00:04]} 20. Bxd3 {[%emt 0:00:55]} exd3 {[%emt 0:00:05]} 21. Rh3 {[%emt 0:03:37]} Bxb4 {[%emt 0:03:28]} 22. c3 {[%emt 0:03:15]} Bxc3 {[%emt 0:00:09]} 23. bxc3 {[%emt 0:00:01]} Qxc3+ {[%emt 0:00:06]} 24. Kd1 {[%emt 0:00:03]} Qa1+ {[%emt 0:00:30]} 25. Qc1 {[%emt 0:01:36]} Qa2 {[%emt 0:00:40]} 26. Rxd3 {[%emt 0:04:55]} Qxf2 {[%emt 0:00:34]} 27. Qa3 {[%emt 0:03:16]} Rb8 {[%emt 0:14:04]} 28. Re2 {[%emt 0:07:47]} Qf1+ {[%emt 0:04:49]} 29. Kd2 {[%emt 0:00:22]} Bd5 {[%emt 0:02:51]} 30. f5 {[%emt 0:02:13]} Rb1 {[%emt 0:02:52]} 31. f6 {[%emt 0:01:36]} gxf6 {[%emt 0:02:23]} 32. exf6 {[%emt 0:00:33]} Qxf6 {[%emt 0:01:21]} 33. Kc2 {[%emt 0:02:34]} Qf1 {[%emt 0:02:44]} 34. Nf5 {[%emt 0:01:39]} Rc1+ {[%emt 0:02:21]} 35. Kb2 {[%emt 0:00:46]} Rb1+ {[%emt 0:00:41]} 36. Kc2 {[%emt 0:00:11]} Rc1+ {[%emt 0:00:35]} 37. Kb2 {[%emt 0:00:19]} Rc7 {[%emt 0:00:42]} 38. Ng7+ {[%emt 0:03:29]} Kd7 {[%emt 0:01:26]} 39. Rxd5+ {[%emt 0:00:31]} exd5 {[%emt 0:00:03]} 40. Re7+ {[%emt 0:00:00]} Kc8 {[%emt 0:00:00]} 41. Rxc7+ {[%emt 0:02:23]} Kxc7 {[%emt 0:00:18]} 42. Qc5+ {[%emt 0:00:08]} Kb7 {[%emt 0:08:29]} 43. Qxd5+ {[%emt 0:00:06]} Kb6 {[%emt 0:00:06]} 44. Qd6+ {[%emt 0:00:03]} Kb5 {[%emt 0:01:28]} 45. Qd5+ {[%emt 0:00:08]} Kb6 {[%emt 0:00:23]} 46. Qd6+ {[%emt 0:00:19]} Kb5 {[%emt 0:01:15]} 47. Qd5+ {[%emt 0:00:05]} Kb6 {[%emt 0:02:28]} 1/2-1/2

[Event "27th Kavala Open 2018"]
[Site "Kavala"]
[Date "2018.08.10"]
[Round "8"]
[White "Plat, Vojtech"]
[Black "Megalios, Konstantinos"]
[Result "1-0"]
[WhiteElo "2524"]
[BlackElo "2292"]
[Annotator "TA"]
[PlyCount "55"]
[EventDate "2018.08.05"]
[EventType "swiss"]
[EventCountry "GRE"]
[SourceTitle "playchess.com"]
[Source "ChessBase"]
[SourceQuality "1"]

{[%evp 17,55,42,51,28,16,11,24,15,92,-11,20,-91,-60,-87,-72,-88,-68,-86,-71,-81,0,0,186,176,250,243,418,355,423,370,425,416,496,500,479,388,639,620,1083,735]} 1. e4 c6 2. d4 d5 3. exd5 cxd5 4. Bd3 Nc6 5. c3 Qc7 6. h3 e6 {B13: Caro-Kann (Abtausch-Variante 4.c4)} (6... e5 7. dxe5 Nxe5 8. Nf3 Bd6 9. Nxe5 Bxe5 10. O-O Nf6 11. Nd2 O-O 12. Nf3 Bd6 13. Re1 h6 14. Nd4 {0-1 (82) Malakhov,V (2686)-Howell,D (2676) Riadh 2017}) 7. Nf3 Bd6 8. O-O Nge7 9. Re1 Bd7 {LiveBook: 7 Partien} 10. Na3 a6 11. Nc2 f6 12. c4 $146 ({Vorgänger:} 12. Ne3 O-O 13. Bf1 Kh8 14. c4 dxc4 15. Nxc4 {0-1 (41) Loutragotis,P (1891)-Nikolaidis,I (2561) Athens 2017}) 12... g5 (12... dxc4 $11 {hält das Gleichgewicht.} 13. Bxc4 Nb4) 13. cxd5 ({Günstiger ist} 13. c5 $16 Bf4 14. Bxf4 Qxf4 15. g3) 13... exd5 14. Nxg5 (14. Bd2 $11) 14... fxg5 $17 15. Qh5+ Kd8 {[%cal Be8d8,Bd8c8,Bc8b8][%mdl 32]} 16. Bxg5 Kc8 17. b4 Kb8 18. a4 {[%cal Ba2a4,Ba4b5][%mdl 32]} Nc8 (18... h6 $17 {...Le8 ist eine echte Drohung.} 19. Bh4 Rg8) 19. Rac1 $1 $11 Nb6 $2 {[#]} (19... N6e7 $11 {und Schwarz ist OK.}) 20. b5 $18 axb5 (20... Rg8 $142) 21. axb5 Na5 $2 (21... Nc4 {ist eine bessere Verteidigung.}) 22. Ne3 Nac4 {[#]} 23. Nxd5 $1 {[%mdl 512]} Nxd5 24. Bxc4 Nf4 25. Qh6 Ng6 26. Bd3 Bf8 $2 (26... Bh2+ 27. Kh1 Qd6 28. Bxg6 Bxb5) 27. Qh5 Qd6 {beabsichtigt ...Le7.} 28. Bxg6 {Precision: Weiß = 53%, Schwarz = 28%.} 1-0

[Event "27th Kavala Open 2018"]
[Site "Kavala"]
[Date "2018.08.10"]
[Round "8"]
[White "Magalashvili, Davit"]
[Black "Kelires, Andreas"]
[Result "0-1"]
[WhiteElo "2508"]
[BlackElo "2531"]
[Annotator "ChessBase"]
[PlyCount "120"]
[EventDate "2018.08.05"]
[EventType "swiss"]
[EventCountry "GRE"]
[SourceTitle "playchess.com"]
[Source "ChessBase"]
[SourceQuality "1"]
[TimeControl "40/5400+30:900+30"]

1. Nf3 {[%emt 0:00:03]} d5 {[%emt 0:00:09]} 2. g3 {[%emt 0:00:45]} Nf6 {[%emt 0:01:18]} 3. Bg2 {[%emt 0:00:06]} c6 {[%emt 0:00:07]} 4. O-O {[%emt 0:00:09]} Bg4 {[%emt 0:00:10]} 5. h3 {[%emt 0:00:12]} Bh5 {[%emt 0:00:12]} 6. d4 {[%emt 0:00:17]} e6 {[%emt 0:01:24]} 7. c4 {[%emt 0:00:13]} Nbd7 {[%emt 0:01:23]} 8. cxd5 {[%emt 0:00:11]} cxd5 {[%emt 0:09:18]} 9. Qb3 {[%emt 0:01:00]} Qb6 {[%emt 0:02:46]} 10. Qxb6 {[%emt 0:00:13]} Nxb6 {[%emt 0:00:05]} 11. g4 {[%emt 0:00:11]} Bg6 {[%emt 0:00:06]} 12. Ne5 {[%emt 0:00:03]} Bb4 {[%emt 0:13:25]} 13. a3 {[%emt 0:03:47]} Be7 {[%emt 0:00:19]} 14. Nxg6 {[%emt 0:05:43]} hxg6 {[%emt 0:03:54]} 15. Nc3 {[%emt 0:00:11]} Rc8 {[%emt 0:04:22]} 16. a4 {[%emt 0:04:52]} Nc4 {[%emt 0:14:02]} 17. a5 {[%emt 0:04:56]} O-O {[%emt 0:14:42]} 18. g5 {[%emt 0:03:10]} Nh5 {[%emt 0:01:12]} 19. e4 {[%emt 0:03:55]} dxe4 {[%emt 0:00:53]} 20. Nxe4 {[%emt 0:03:31]} Rc7 {[%emt 0:05:31]} 21. Nc3 {[%emt 0:04:30]} a6 {[%emt 0:01:05]} 22. Ra4 {[%emt 0:11:23]} Rd8 {[%emt 0:09:09]} 23. d5 {[%emt 0:04:16]} b5 {[%emt 0:00:20]} 24. axb6 {[%emt 0:01:25]} Nxb6 {[%emt 0:00:04]} 25. d6 {[%emt 0:04:17]} Rxd6 {[%emt 0:02:45]} 26. Rxa6 {[%emt 0:00:41]} Nc4 {[%emt 0:00:45]} 27. Ra8+ {[%emt 0:05:49]} Rd8 {[%emt 0:00:07]} 28. Rxd8+ {[%emt 0:00:11]} Bxd8 {[%emt 0:00:00]} 29. b4 {[%emt 0:01:24]} Ne5 {[%emt 0:02:40]} 30. Bd2 {[%emt 0:04:16]} Rc4 {[%emt 0:03:03]} 31. Ne4 {[%emt 0:03:29]} Nd3 {[%emt 0:02:19]} 32. Ra1 {[%emt 0:05:31]} Bc7 {[%emt 0:01:48]} 33. b5 {[%emt 0:09:43]} Nhf4 {[%emt 0:00:51]} 34. Ra8+ {[%emt 0:01:02]} Kh7 {[%emt 0:00:07]} 35. Rc8 {[%emt 0:01:14]} Nd5 {[%emt 0:01:55]} 36. Nd6 {[%emt 0:12:51]} Rc5 {[%emt 0:00:03]} 37. Rxc7 {[%emt 0:01:47]} Rxc7 {[%emt 0:02:14]} 38. Bxd5 {[%emt 0:01:04]} exd5 {[%emt 0:00:08]} 39. b6 {[%emt 0:00:13]} Rc6 {[%emt 0:00:23]} 40. b7 {[%emt 0:00:00]} Rb6 {[%emt 0:00:00]} 41. Kg2 {[%emt 0:07:51]} Rb1 {[%emt 0:03:03]} 42. Be3 {[%emt 0:02:51]} Ne5 {[%emt 0:01:02]} 43. Bf4 {[%emt 0:02:54]} Nc6 {[%emt 0:00:22]} 44. Kf3 {[%emt 0:01:07]} Rb3+ {[%emt 0:01:26]} 45. Ke2 {[%emt 0:00:49]} Na5 {[%emt 0:01:02]} 46. Nxf7 {[%emt 0:01:10]} Rxb7 {[%emt 0:01:21]} 47. Ne5 {[%emt 0:00:08]} Nc4 {[%emt 0:04:22]} 48. Nc6 {[%emt 0:00:30]} Rb2+ {[%emt 0:01:36]} 49. Kf3 {[%emt 0:00:37]} Rb3+ {[%emt 0:01:56]} 50. Be3 {[%emt 0:01:54]} Rc3 {[%emt 0:04:03]} 51. Nd4 {[%emt 0:00:56]} Kg8 {[%emt 0:01:00]} 52. Nb5 {[%emt 0:00:25]} Rb3 {[%emt 0:00:24]} 53. Nd4 {[%emt 0:00:05]} Rb7 {[%emt 0:00:25]} 54. Ne6 {[%emt 0:01:17]} Re7 {[%emt 0:00:52]} 55. Nf4 {[%emt 0:00:15]} Rd7 {[%emt 0:00:34]} 56. Bd4 {[%emt 0:00:36]} Kf7 {[%emt 0:00:36]} 57. Ke2 {[%emt 0:00:29]} Na5 {[%emt 0:01:18]} 58. Kd3 {[%emt 0:00:43]} Nc6 {[%emt 0:00:04]} 59. h4 {[%emt 0:00:48]} Rb7 {[%emt 0:01:28]} 60. Nxd5 {[%emt 0:00:25]} Rd7 {[%emt 0:00:07]} 0-1

[Event "27th Kavala Open 2018"]
[Site "Kavala"]
[Date "2018.08.10"]
[Round "8"]
[White "Lin, Chen"]
[Black "Bednarek, Sylwester"]
[Result "1-0"]
[WhiteElo "2506"]
[BlackElo "2359"]
[Annotator "TA"]
[PlyCount "89"]
[EventDate "2018.08.05"]
[EventType "swiss"]
[EventCountry "GRE"]
[SourceTitle "playchess.com"]
[Source "ChessBase"]
[SourceQuality "1"]

{[%evp 16,89,1,4,5,11,12,16,15,14,14,13,10,14,39,20,33,6,10,1,50,36,41,37,53,47,75,30,31,29,49,38,43,33,64,72,72,60,80,68,66,57,61,61,91,28,22,24,102,105,118,114,112,112,101,0,62,50,66,56,58,45,45,45,129,115,298,187,217,107,5397,5389,29990,29991,29994,29992]} 1. Nf3 Nf6 2. d4 g6 3. Bg5 Bg7 4. Nbd2 d5 5. e3 O-O 6. Be2 Nbd7 7. c3 c6 8. O-O {D03: 1 d4 d5 2 Nf3 Nf6 3 Bg5, including Torre Attack with early ...d5} h6 (8... Re8) 9. Bh4 {LiveBook: 6 Games} g5 10. Bg3 {The position is equal.} Nh5 $1 11. e4 Nxg3 12. hxg3 $146 ({Predecessor:} 12. fxg3 Nf6 13. Bd3 dxe4 14. Nxe4 Nxe4 15. Bxe4 Bg4 {0-1 (63) Ydo,P-Eiler,G Liechtenstein 1993}) 12... c5 13. Re1 cxd4 14. Nxd4 Nb6 15. exd5 Nxd5 16. Bf3 e5 17. Nb5 {Threatens to win with Bxd5.} Nc7 18. Nxc7 Qxc7 19. g4 Rd8 20. Qc2 h5 21. Nf1 {[%cal Bd2f1,Bf1g3,Bg3f5][%mdl 32]} hxg4 22. Be4 a5 23. Rad1 {[%mdl 1024] White has compensation.} Ra6 24. Bh7+ Kh8 25. Bf5 Rad6 26. Ng3 Qc4 27. Rxd6 Rxd6 28. Bxc8 Qxc8 29. Nf5 Re6 30. Qe4 (30. Qd2 $16) 30... Rf6 $1 $11 31. Ng3 Rf4 (31... Rd6 $11 {keeps the balance.}) 32. Qd5 Qc6 33. Qd8+ Kh7 34. Nh5 Rf5 35. Ng3 Rf4 $1 36. Qd3+ Qg6 37. Qd5 Qb6 38. Re2 Kg6 39. Rd2 Qc7 ({Black should play} 39... Bf8 $14) 40. Qd3+ $16 f5 $2 (40... e4 $16 41. Nxe4 Qe7) 41. Qb5 {[#] aiming for Qe8+.} Bf8 42. Rd5 (42. Qd5 $18 {has better winning chances.} Qf7 43. Qxe5 (43. Qxa5 Qe6 $18)) 42... Bg7 $2 {[%mdl 8192]} (42... Qc6 $16) 43. Qe8+ $18 Kh7 44. Rd7 Qb6 45. Qxe5 {Precision: White = 61%, Black = 45%.} 1-0

[Event "27th Kavala Open 2018"]
[Site "Kavala"]
[Date "2018.08.10"]
[Round "8"]
[White "Mu, Ke"]
[Black "Grigoriadis, Alexandros"]
[Result "1-0"]
[WhiteElo "2446"]
[BlackElo "2211"]
[Annotator "TA"]
[PlyCount "137"]
[EventDate "2018.08.05"]
[EventType "swiss"]
[EventCountry "GRE"]
[SourceTitle "playchess.com"]
[Source "ChessBase"]
[SourceQuality "1"]

{[%evp 14,137,28,12,51,47,36,38,62,64,61,51,54,14,8,-1,22,19,41,28,38,20,47,4,10,0,0,-12,-6,-28,10,10,18,-36,0,0,0,0,28,32,32,3,92,104,96,91,94,89,104,89,110,82,74,88,143,111,111,107,105,101,103,89,89,89,89,89,89,89,89,89,89,89,104,89,107,89,89,89,89,89,93,89,89,89,112,89,126,8,8,8,8,8,8,8,22,22,66,36,70,8,8,8,8,8,8,8,8,8,8,8,19,8,8,8,8,8,8,8,8,8,1201,1111,1163,1110,1074,1020]} 1. d4 d6 2. Nf3 g6 3. c4 Bg7 4. Nc3 Nd7 5. e3 e5 6. Be2 Ne7 7. O-O O-O {A41: Moderne Verteidigung gegen 1.d4 (mit oder ohne späterem e2-e4 und Sf6)} 8. b3 {LiveBook: 3 Partien} Nf5 (8... Nc6 9. Bb2 h6 10. dxe5 dxe5 11. Qd2 Re8 12. Rad1 e4 13. Nd4 Nxd4 14. exd4 f5 15. Rfe1 {½-½ (74) Michna,M (2377)-Paehtz,E (2464) Riadh 2017}) 9. Bb2 Re8 {Weiß steht etwas besser.} 10. dxe5 Nxe5 11. Nxe5 Bxe5 12. g3 c6 $146 ({Vorgänger:} 12... h5 13. Qd2 c6 14. Bf3 Qe7 15. Ne4 {½-½ (34) De la Cruz Lopez,J (2330)-Morales Camacho,J (2245) Spain 1992}) 13. Na4 Qe7 14. Bf3 Bxb2 15. Nxb2 Be6 16. e4 Ng7 {[%cal Bf5g7,Bg7e6,Be6g5][%mdl 32]} 17. Re1 Bh3 18. Qd3 Ne6 19. Rad1 Rad8 20. Na4 Ng5 21. Bh1 h5 22. Qe3 a6 23. Nb6 (23. f4 $11 Ne6 24. Bf3) 23... Ne6 24. Nd5 cxd5 25. exd5 Qf6 {...Sd4 ist eine echte Drohung.} 26. dxe6 Rxe6 27. Qd2 Rde8 (27... Rxe1+ $11 28. Rxe1 b5) 28. Rxe6 $1 $16 Rxe6 29. Bxb7 Qe7 30. Bf3 ({Nur nicht} 30. Bxa6 $2 Re2 $19) 30... Re5 31. Qc3 a5 32. Bg2 Bxg2 33. Kxg2 {[%mdl 4096] Endspiel KDT-KDT} Re2 (33... h4 $142) 34. Qxa5 {Droht Da8+ und aus.} Qe4+ 35. Kg1 Qc2 36. Rf1 ({Vergiftet wäre} 36. Rxd6 $2 Qb1+ 37. Kg2 Qe4+ 38. Kf1 Qf3 $19) 36... Qxa2 37. Qd8+ Kg7 38. Qxd6 {Und Dd4+ würde nun gewinnen.} Qxb3 39. Qd4+ Kh7 {[#]} 40. Rc1 $1 Qb7 41. c5 Qc6 42. h4 Re6 43. Qb4 Rf6 44. Rc3 Re6 {( -> ...Te1+)} 45. Kh2 Re1 {[%csl Gc6][%cal Re1h1] [#]} 46. Rf3 $1 {[%cal Rf3f7][%mdl 512]} Re7 (46... Qxf3 47. Qxe1) 47. Rf4 Kg8 48. Qb8+ Kg7 49. Qb6 (49. Qb2+ {seems wilder.} f6 50. Qc3 Re8 51. Rc4 Re2 52. Kg1) 49... Re6 50. Qxc6 ({Lieber} 50. Qa7 $16 Qe8 51. Qa1+ Kg8 52. Qc3) 50... Rxc6 {KT-KT} 51. Rc4 Kf6 52. g4 hxg4 53. Kg3 Kf5 54. Rc2 Ke5 55. Kxg4 Ke4 56. f3+ (56. Rc1 $14) 56... Kd3 $11 57. Rc1 {Schwarz sollte Td1+ verhindern.} Kd2 58. Rc4 {und nun wäre Tf4 stark für Weiss.} Kd3 59. Rf4 f6 $1 {[%cal Bf7f6,Bf6f5,Bf5f4][%mdl 32]} 60. Kg3 Ke3 61. Re4+ Kd3 62. Rg4 f5 63. Rg5 {Mit der Idee h5.} Ke3 $1 64. h5 f4+ $1 65. Kg4 gxh5+ 66. Rxh5 {Droht stark Te5+.} Re6 $2 {[%mdl 8192] [#]} (66... Rg6+ $11 67. Rg5 Re6) 67. Rg5 $1 $18 {[%cal Rg5g8] Weiß steht klar auf Gewinn.} Rf6 68. Re5+ Kd4 69. Rf5 {Precision: Weiß = 55%, Schwarz = 52%.} 1-0